| 000 | 00342nam a2200133Ia 4500 | ||
|---|---|---|---|
| 008 | 220204s9999 xx 000 0 und d | ||
| 082 |
_a631(540) _bMIR |
||
| 245 | 0 | _aAspects of agriculture in India 1975 | |
| 260 |
_aBombay _bAllied |
||
| 650 | _aIndian agriculture | ||
| 650 | _aPlantation crops | ||
| 700 | _aMIRCHANDANI, G G | ||
| 942 | _cBK | ||
| 999 |
_c23791 _d23791 |
||